| 000 | 00554nam a2200193 i 4500 | ||
|---|---|---|---|
| 001 | 48851 | ||
| 003 | ES-MaACL | ||
| 005 | 20250822162340.0 | ||
| 007 | t| | ||
| 008 | 030701s1973 sp ||||1| spa d | ||
| 100 | 1 |
_aCorder, Eric. _940505 |
|
| 245 | 1 | 0 |
_aEsclavo / _cEric Corder ; [versión de Domingo Manfredi Cano]. |
| 250 | _a1ª ed. | ||
| 260 |
_aBarcelona : _bLuis de Caralt, _c[1973] |
||
| 300 |
_a162 p. ; _c20 cm. |
||
| 700 | 1 |
_aManfredi Cano, Domingo, _d1918-1998 _975997 |
|
| 852 |
_aES-MaACL _jC-56148 _bR.88681 |
||
| 999 |
_c48851 _d48851 |
||